Statistics for Schaeffer's Philosophers

Click here to take the quiz!

General Stats

  • This quiz has been taken 18 times
    (15 since last reset)
  • The average score is 10 of 16

Answer Stats

Answer% Correct
Aristotle
100%
Immanuel Kant
100%
Plato
100%
Confucius
92%
René Descartes
92%
Socrates
92%
David Hume
83%
Michael Foucault
75%
Thomas Aquinas
75%
Jacques Derrida
67%
Blaise Pascal
33%
Richard Rorty
33%
G.K. Chesterton
17%
John Henry Newman
17%
Parmenides
17%
Jacques Maritain
8%

Score Distribution

Percentile by Number Answered

Percent of People with Each Score

Your Score History

You have not taken this quiz since the last reset